| 000 | 00322nam a22001217a 4500 | ||
|---|---|---|---|
| 082 |
_a297.227 _bTaqi _cMasjid |
||
| 100 |
_aMufti Muhammad Taqi Usmani _951149 |
||
| 245 | _aNOBLE QURAN | ||
| 260 |
_aKarachi _bMaktaba Maariful Quran _c2008 |
||
| 300 | _a1251 | ||
| 526 |
_a0 _b0 _c0 _d297_227000000000000_TAQI |
||
| 942 |
_2ddc _cBK |
||
| 999 |
_c553910 _d553910 |
||